Adoption of improved methods of paddy cultivation (Record no. 535396)

MARC details
000 -LEADER
fixed length control field 00789nam a2200253Ia 4500
003 - CONTROL NUMBER IDENTIFIER
control field OSt
005 - DATE AND TIME OF LATEST TRANSACTION
control field 20220925200110.0
008 - FIXED-LENGTH DATA ELEMENTS--GENERAL INFORMATION
fixed length control field 220923b |||||||| |||| 00| 0 eng d
037 ## - SOURCE OF ACQUISITION
Terms of availability General Book
040 ## - CATALOGING SOURCE
Original cataloging agency RTL
Transcribing agency RTL
Language of cataloging eng
041 ## - LANGUAGE CODE
Source of code eng
Language code of text/sound track or separate title eng
110 ## - MAIN ENTRY--CORPORATE NAME
Corporate name or jurisdiction name as entry element Pakistan Academy For Villages Development.
9 (RLIN) 256614
245 #0 - TITLE STATEMENT
Title Adoption of improved methods of paddy cultivation
260 ## - PUBLICATION, DISTRIBUTION, ETC.
Place of publication, distribution, etc. Comilla
Name of publisher, distributor, etc. The Author
Date of publication, distribution, etc. 1961
300 ## - PHYSICAL DESCRIPTION
Extent 37p.
Dimensions cm.
490 ## - SERIES STATEMENT
Series statement Its technical publication, 9.
650 ## - SUBJECT ADDED ENTRY--TOPICAL TERM
Topical term or geographic name entry element Rice
9 (RLIN) 219827
700 ## - ADDED ENTRY--PERSONAL NAME
Personal name Pakistan Academy For Villages Development.
9 (RLIN) 256615
942 ## - ADDED ENTRY ELEMENTS (KOHA)
Classification part X9(J381:7).44Q7214.N6, K1
Koha item type General Books
Source of classification or shelving scheme Colon Classification (CC)

No items available.

Copyright @ Delhi University Library System